1955 1361 1189 1214 1472 1981 1064 1462 1097 1089 1446 1031 1484 1397 1581 1592 1094 1319 1467 1328 1551 1053 1725 1562 1106 1690 1960 1560 1943 1621 1946 1059 1166 1323 1911 1573 1961 1077 1141 1506 1290 1801 1918 1694 1317 1384 1528 1303 1822 1328 1278 1195 1527 1923 1912 1917 1626 1452 1077 1403 1460 1658 1230 1682 1588 1785 1910 1103 1252 1105 1456 1366 1739 1624 1964 1210 1815 1410 1830 1096 1100 1283 1861 1447 1413 1278 1574 1951 1462 1128 1602 1849 1207 1461 1350 1455 1439 1462 1123 BCNSPRNW ULIB Ver.6.0+V

เปลี่ยนเป็นภาษาไทย

Change to English
 แสดงรายละเอียดบรรณานุกรม
  กลับหน้าหลัก

Brief Record : Get Marc (ISO 2709) : E-mail record : QR code < ปิดหน้าต่าง
LEADER : 00000nam 2200000uu 4500
001    13399128748
003     ULIB
008    240828s2565||||th 000 0 tha d
020 0  ^a9786164078055
060  0 ^aWP100^bธ526น^cล.3
100 0  ^aธาริณี แม่นชนะ
110 0  ^aจุฬาลงกรณ์มหาวิทยาลัย. คณะแพทยศาสตร์. ภาควิชาสูติศาสตร์-นรีเวชวิทยา.
245 00 ^aนรีเวชวิทยา เล่มที่ 3/^cธาริณี แม่นชนะ,^cสมสุข สันติเพ็ญจกุล,^cภิญญดา ปัญญาวรานันท์,^cพธู ตัณฑ์ไพโรจน์,^cณัฏฐ์กฤตา ไพธิพรธวัฒน์,^cนลินา ออประยูร,^cชินา ไอฬารรัตน์พันธ์,^cณัฐชา พูลเจริญ, และ^cปวีณา ธุวะนุติ
250    ^aพิมพ์ครั้งที่ 5
260    ^aกรุงเทพฯ :^bภาควิชาสูติศาสตร์-นรีเวชวิทยา คณะแพทยศาสตร์ จุฬาลงกรณ์มหาวิทยาลัย,^c2565
300    ^a3 เล่ม :^bภาพประกอบ
650  0 ^aนรีเวชวิทยา
700 0  ^aสมสุข สันติเพ็ญจกุล
710 0  ^aภิญญดา ปัญญาวรานันท์
710 0  ^aพธู ตัณฑ์ไพโรจน์
710 0  ^aณัฏฐ์กฤตา ไพธิพรธวัฒน์
710 0  ^aนลินา ออประยูร
710 0  ^aชินา ไอฬารรัตน์พันธ์
710 0  ^aณัฐชา พูลเจริญ
710 0  ^aปวีณา ธุวะนุติ
945    ^p300^l0^i010658
945    ^p300^l0^i010659
945    ^p300^l0^i010660
999    ^aประนอม เกษจรัล
รายการนี้ยังไม่มีแท็ก
คุณยังไม่ได้ล็อกอิน คุณสามารถมีกิจกรรมร่วมกับเว็บไซต์ได้ แต่ต้องล็อกอินก่อน ::
  ล็อกอิน

รายการสื่อสารสนเทศ

ลำดับที่ ประเภท เลขเรียก/บาร์โค้ด สถานที่ สถานะ
1. วิทยาศาสตร์การแพทย์ และสุขภาพ
หนังสือสำรอง
สถานะ=หนังสือสำรอง
WP100 ธ526น ล.3 ฉ.1 
  Barcode: 010658
ห้องสมุดวิทยาเขตสวรรค์ประชารักษ์
►หนังสือทั่วไป
บนชั้น
2. วิทยาศาสตร์การแพทย์ และสุขภาพ
วิทยาศาสตร์การแพทย์ และสุขภาพ
WP100 ธ526น ล.3 ฉ.2 
  Barcode: 010659
ห้องสมุดวิทยาเขตสวรรค์ประชารักษ์
►หนังสือทั่วไป
บนชั้น
3. วิทยาศาสตร์การแพทย์ และสุขภาพ
วิทยาศาสตร์การแพทย์ และสุขภาพ
WP100 ธ526น ล.3 ฉ.3 
  Barcode: 010660
ห้องสมุดวิทยาเขตสวรรค์ประชารักษ์
►หนังสือทั่วไป
บนชั้น

รายการใกล้เคียง
    ผู้แต่ง [ธาริณี แม่นชนะ]

    หัวเรื่อง [นรีเวชวิทยา]

BibComment


ยังไม่เคยถูกคอมเมนท์

คอมเมนท์ทรัพยากรรายการนี้
  คอมเมนท์: นรีเวชวิทยา เล่ม..


 Copyright 2026. Bcnsprnw @Library